MARC

LEADER 00000nam0a2200000 4500
001 322663
005 20250415175401.0
035 |a (RuTPU)RU\TPU\book\348222 
090 |a 322663 
100 |a 20161001d1972 k y0rusy50 ca 
101 0 |a rus 
102 |a RU 
105 |a a z 001zy 
200 1 |a Организация и технология бурения гидрогеологических скважин  |f Всесоюзный научно-исследовательский институт гидрогеологии и инженерной геологии (ВСЕГИНГЕО) ; под ред. Л. Н. Башкатова 
210 |a Москва  |c Изд-во ВСЕГИНГЕО  |d 1972 
215 |a 99 с.  |c ил. 
225 1 |a Труды Всесоюзного научно-исследовательского института гидрогеологии и инженерной геологии (ВСЕГИНГЕО)  |v Вып. 54 
320 |a Библиография в конце статей 
500 1 0 |a Труды Всесоюзного научно-исследовательского института гидрогеологии и инженерной геологии  |9 88877 
606 1 |a Гидрогеологические исследования  |x Методика  |2 stltpush  |3 (RuTPU)RU\TPU\subj\6619  |9 34454 
606 1 |a Буровые скважины  |x Бурение  |2 stltpush  |3 (RuTPU)RU\TPU\subj\30609  |9 53694 
610 1 |a гидрогеологические скважины 
610 1 |a бурение 
610 1 |a технико-экономические показатели 
610 1 |a достоверность 
610 1 |a качество 
610 1 |a буровые работы 
610 1 |a технология 
610 1 |a новые методы 
610 1 |a технические средства 
675 |a 556.3.01  |v 4 
675 |a 622.24.082  |v 4 
702 1 |a Башкатов  |b Л. Н.  |4 340 
712 0 2 |a Всесоюзный научно-исследовательский институт гидрогеологии и инженерной геологии (ВСЕГИНГЕО)  |c (пос. Зеленый, Московская область)  |3 (RuTPU)RU\TPU\col\2061 
801 1 |a RU  |b 63413507  |c 20161001 
801 2 |a RU  |b 63413507  |c 20161018  |g RCR 
850 |a 63413507 
942 |c BK